000
00331nam a2200133Ia 4500
008
220216s9999 xx 000 0 und d
100
_a
Winston J
245
0
_a
Development of an outsole compound for outdoor footwear
260
_b
Rubber India
_c
1998
300
_a
13-Sep
650
_a
Footwear
700
_a
Ames K
942
_c
JS
999
_c
56981
_d
56981